| 000 | 00389nam a22001697a 4500 | ||
|---|---|---|---|
| 005 | 20180312140750.0 | ||
| 008 | 160621b xxu||||| |||| 00| 0 eng d | ||
| 020 | _a81-203-0982-0 | ||
| 041 | _aeng | ||
| 082 |
_b8767 _a332.6 |
||
| 100 |
_aSharpe, Willam F and Others _92405 |
||
| 245 | _aInvestment | ||
| 260 |
_bPHI _c1995 |
||
| 300 | _a995 | ||
| 650 |
_aManagement _9241 |
||
| 942 | _cBK | ||
| 999 |
_c3404 _d3403 |
||